书目信息 |
| 题名: |
体育项目大全
|
|
| 作者: | 本社编 | |
| 分册: | ||
| 出版信息: | 北京 人民体育出版社 1987 |
|
| 页数: | 435页 | |
| 开本: | 20cm | |
| 丛书名: | ||
| 单 册: | ||
| 中图分类: | G80 | |
| 科图分类: | ||
| 主题词: | 体育理论 | |
| 电子资源: | ||
| ISBN: | 7-5009-0057-0 | |
| 000 | 00478nam0 2200181 450 | |
| 001 | 0634640577 | |
| 005 | 20060818093820.00 | |
| 010 | @a7-5009-0057-0@dCNY3.20 | |
| 100 | @a20060818d1987 km y0chiy0120 ea | |
| 101 | 0 | @achi |
| 102 | @aCN@b110000 | |
| 200 | 1 | @a体育项目大全@Ati yu xiang mu da quan@f本社编@Fben she bian |
| 210 | @a北京@c人民体育出版社@d1987 | |
| 215 | @a435页@d20cm | |
| 606 | 0 | @a体育理论 |
| 690 | @aG80@v3 | |
| 801 | 0 | @aCN@bPFT@c20060818 |
| 905 | @a10447@dG80@e172 | |
| 体育项目大全/本社编.-北京:人民体育出版社,1987 |
| 435页;20cm |
| ISBN 7-5009-0057-0:CNY3.20 |
| ● |
| 相关链接 |
|
|
|
|
正题名:体育项目大全
索取号:G80/172
 
预约/预借
| 序号 | 登录号 | 条形码 | 馆藏地/架位号 | 状态 | 备注 |
| 1 | 0465616 | 204656167 | 密集书库/ [索取号:G80/172] | 在馆 |